Statistická ročenka Federálního ministerstva paliv a energetiky za rok 1978

Gespeichert in:
Bibliographische Detailangaben
Format: Buch
Sprache:Tschechisch
Veröffentlicht: Praha Federální statistický úřad 1979
Tags: Tag hinzufügen
Keine Tags, Fügen Sie das erste Tag hinzu!

MARC

LEADER 00000nam a2200000 4500
001 0220280
005 20240822101657.5
041 0 |a cze 
044 |a CZ 
245 1 0 |a Statistická ročenka Federálního ministerstva paliv a energetiky za rok 1978 
264 1 |a Praha  |b Federální statistický úřad  |c 1979 
300 |a 91 s.